| 000 | 00404nam a22001577a 4500 | ||
|---|---|---|---|
| 003 | CEME | ||
| 005 | 20210628205126.0 | ||
| 008 | 210226b xxu||||| |||| 00| 0 eng d | ||
| 040 | _c. | ||
| 082 | _a669.52 COW'D | ||
| 100 |
_aCowice, Gene O _974069 |
||
| 245 | _aDesigning in zinc a product development guide | ||
| 260 |
_aNEWYORK _bZINC INTERNATIONAL _c1984 |
||
| 300 | _aVIII, 199P | ||
| 942 |
_cBK _2ddc |
||
| 999 |
_c579646 _d579646 |
||